Sports Quiz

Random Sports or WWE Quiz

WWE Women's Champions Quiz Stats

 Plays Quiz Updated Dec 18, 2018

Support Sporcle.
Go Orange.
Score 0/59 Timer 07:00
3 Plays Today
Date Champion % Correct
11/18/2001Trish Stratus
90.3%
5/13/2002Trish Stratus
90.2%
9/22/2002Trish Stratus
90.2%
3/30/2003Trish Stratus
90.2%
6/13/2004Trish Stratus
90.2%
1/9/2005Trish Stratus
90.2%
9/17/2006Trish Stratus
90.2%
8/21/2000Lita
85.1%
12/6/2004Lita
85.1%
8/14/2006Lita
85.1%
11/5/2006Lita
85.1%
9/18/1956Fabulous Moolah
75.6%
11/25/1985Fabulous Moolah
75.6%
7/9/1986Fabulous Moolah
75.6%
10/17/1999Fabulous Moolah
75.6%
4/2/2006Mickie James
75.2%
11/26/2006Mickie James
75.2%
4/24/2007Mickie James
75.2%
4/14/2008Mickie James
75.2%
4/1/2001Chyna
73.5%
10/7/2007Beth Phoenix
67.7%
8/17/2008Beth Phoenix
67.7%
11/15/1998Sable
63%
6/28/2009Michelle McCool
61.1%
2/19/2007Melina
61%
4/24/2007Melina
61%
1/25/2009Melina
61%
11/17/2002Victoria
59.6%
2/23/2004Victoria
59.6%
3/30/2000Stephanie McMahon
59.2%
Date Champion % Correct
1/31/2010Mickie James
59.2%
6/14/1999Ivory
58.4%
10/25/1999Ivory
58.4%
11/2/2000Ivory
58.4%
6/23/2002Molly Holly
57.3%
7/28/2003Molly Holly
57.3%
6/24/2007Candice
55.5%
2/23/2010Michelle McCool
53.8%
9/21/1998Jacqueline
53.3%
2/3/2000Jacqueline
53.3%
12/13/1993Alundra Blayze
52.8%
4/3/1995Alundra Blayze
52.8%
10/23/1995Alundra Blayze
52.8%
4/25/2010Beth Phoenix
52.8%
2/4/2002Jazz
52%
4/27/2003Jazz
52%
5/11/2010Layla
49.6%
7/23/1984Wendi Richter
48.1%
3/31/1985Wendi Richter
48.1%
6/30/2003Gail Kim
45.5%
12/12/1999The Kat
44%
7/24/1987Sherri Martel
38.3%
11/27/1994Bull Nakano
36.6%
5/10/1999Debra
35.2%
2/18/1985Leilani Kai
34.6%
10/7/1988Rockin' Robin
31.1%
8/27/1995Bertha Faye
31%
1/31/2000Hervina
29.7%
7/3/1986Velvet McIntyre
24.1%

From the Vault

Musicals by Playbill

by Hejman

If all the world is a stage, then we want better lighting!
Remove Ads.
Support Sporcle.
Get the best of Sporcle when you Go Orange. This ad-free experience offers more features, more stats, and more fun while also helping to support Sporcle. Thank you for becoming a member.

Show Comments

Extras

Top Quizzes Today


Score Distribution

Your Account Isn't Verified!

In order to create a playlist on Sporcle, you need to verify the email address you used during registration. Go to your Sporcle Settings to finish the process.

Report this User

Report this user for behavior that violates our Community Guidelines.

Details: